000 00703nam a22002177a 4500
003 UA-OsUOA
001 137153
007 ta
008 20190503b un ||||| |||| 00| 0 ukr d
100 _aТіщенко Є.
090 _a330(477)
_bТ47
942 _cSA
040 _aUA-OsUOA
_bukr
_cUA-OsUOA
_dUA-OsUOA
245 _aМетодологічні та методичні засади організації управління ризиками проектного фінансування
300 _aС.47-74
955 _a0
041 _aukr
080 _a330(477)
773 0 _w137147
_tБанківська справа
_dК.
_d2019
_g1
650 7 _a330 Економіка взагалі
_2UDC
999 _c422379
_d422379